| 000 | 00545ntaaa2200193 4500 | ||
|---|---|---|---|
| 003 | 01 | ||
| 005 | 20251027202215.0 | ||
| 008 | 0714s1973 ag 01 | ||
| 040 |
_aAR-BaBN _bspa _cAR-BaBN _eaacr _dRIC |
||
| 082 | _a267.7000 L56 | ||
| 245 | _aManual para la orden de los embajadores del rey | ||
| 250 | _a1 ed. | ||
| 260 |
_as.l., _cs.f. |
||
| 300 | _a45 p | ||
| 500 | _aEjs. 2-4 (3635, 3636 and 3637) - libros retirados definitivamente de biblioteca | ||
| 650 | _aEmbajadores del Rey | ||
| 650 |
_aUnión femenil misionera _917041 |
||
| 942 | _cBK | ||
| 999 |
_c16957 _d16957 |
||